عرض عادي
عرض مارك
- Congo (Democratic Republic)
دخول Geographic Name
001 - CONTROL NUMBER
- control field: 28332
003 - CONTROL NUMBER IDENTIFIER
- control field: AE-AdECS
005 - DATE AND TIME OF LATEST TRANSACTION
- control field: 20260403105029.0
008 - FIXED-LENGTH DATA ELEMENTS
- fixed length control field: 260403|| aca||aabn | a|a d
040 ## - CATALOGING SOURCE
- Original cataloging agency: AE-AdECS
- Transcribing agency: AE-AdECS
151 ## - HEADING--GEOGRAPHIC NAME
- Geographic name: Congo (Democratic Republic)
- General subdivision: Politics and government
- Chronological subdivision: 21st century
670 ## - SOURCE DATA FOUND
- Source citation: Work cat.: (AE-AdECS)294656: Alharbi, Yusra, author. 28325, Pathways to Effective Regionalism :
